000 00590nam a2200181Ia 4500
008 090123s9999 xx 000 0 und d
082 _b4774
100 _aमंगळवेढेकर राजा
245 _aकरुनाडू कर्नाटक
250 _a1
260 _bसुलभ मु.
_c1977
300 _a92
600 _aमंगळवेढेकर राजा
630 _aकरुनाडू कर्नाटक
700 _aमंगळवेढेकर राजा
730 _aकरुनाडू कर्नाटक
942 _cBOOK
999 _c42849
_d42849